甘肃省县级行政区划 - Statistics

General Stats
  • This quiz has been taken 34 times
  • The average score is 39 of 87
Answer Stats
城市 区县 % Correct
嘉峪关市 嘉峪关市
85%
兰州市 城关区
80%
兰州市 榆中县
80%
兰州市 七里河区
75%
酒泉市 敦煌市
75%
酒泉市 瓜州县
75%
酒泉市 肃北蒙古族自治县
75%
临夏回族自治州 临夏市
75%
临夏回族自治州 临夏县
75%
兰州市 西固区
70%
兰州市 安宁区
70%
天水市 麦积区
70%
天水市 张家川回族自治县
70%
酒泉市 肃州区
65%
酒泉市 玉门市
65%
张掖市 甘州区
65%
张掖市 肃南裕固族自治县
65%
武威市 凉州区
65%
兰州市 永登县
60%
白银市 白银区
60%
酒泉市 阿克塞哈萨克族自治县
60%
陇南市 徽县
60%
甘南藏族自治州 合作市
60%
甘南藏族自治州 舟曲县
60%
白银市 会宁县
55%
庆阳市 环县
55%
兰州市 红古区
50%
金昌市 永昌县
50%
白银市 景泰县
50%
天水市 秦州区
50%
张掖市 山丹县
50%
武威市 天祝藏族自治县
50%
定西市 陇西县
50%
甘南藏族自治州 玛曲县
50%
兰州市 皋兰县
45%
天水市 甘谷县
45%
酒泉市 金塔县
45%
武威市 民勤县
45%
定西市 安定区
45%
陇南市 宕昌县
45%
陇南市 礼县
45%
临夏回族自治州 积石山保安族东乡族撒拉族自治县
45%
金昌市 金川区
40%
天水市 武山县
40%
张掖市 民乐县
40%
武威市 古浪县
40%
定西市 岷县
40%
陇南市 文县
40%
平凉市 华亭市
40%
庆阳市 庆城县
40%
甘南藏族自治州 碌曲县
40%
甘南藏族自治州 卓尼县
40%
张掖市 高台县
35%
定西市 通渭县
35%
定西市 渭源县
35%
定西市 临洮县
35%
陇南市 武都区
35%
陇南市 成县
35%
陇南市 康县
35%
陇南市 两当县
35%
平凉市 崆峒区
35%
平凉市 庄浪县
35%
平凉市 静宁县
35%
临夏回族自治州 东乡族自治县
35%
白银市 靖远县
30%
天水市 秦安县
30%
天水市 清水县
30%
定西市 漳县
30%
平凉市 泾川县
30%
庆阳市 西峰区
30%
庆阳市 宁县
30%
庆阳市 正宁县
30%
白银市 平川区
25%
张掖市 临泽县
25%
陇南市 西和县
25%
平凉市 灵台县
25%
庆阳市 镇原县
25%
庆阳市 合水县
25%
临夏回族自治州 和政县
25%
临夏回族自治州 康乐县
25%
甘南藏族自治州 夏河县
25%
甘南藏族自治州 临潭县
25%
平凉市 崇信县
20%
临夏回族自治州 永靖县
20%
甘南藏族自治州 迭部县
20%
庆阳市 华池县
15%
临夏回族自治州 广河县
15%
No matching quizzes found
Score Distribution
Percent of People with Each Score
Percentile by Number Answered
Your Score History
You have not taken this quiz